[Event "FRA-chT3 Gr12 0304"]
[Site "Loire"]
[Date "2004.03.14"]
[Round "7.5"]
[White "Didier, Eric"]
[Black "Barnes, Pierrick"]
[Result "1-0"]
[WhiteElo "1990"]
[BlackElo "1930"]
[PlyCount "107"]
[EventDate "2003.10.12"]
[EventType "team"]
[EventRounds "9"]
[EventCountry "FRA"]
[SourceTitle "EXT 2008"]
[Source "ChessBase"]
[SourceDate "2007.11.25"]
[SourceVersion "1"]
[SourceVersionDate "2007.11.25"]
[SourceQuality "1"]

1. e4 e5 2. Nf3 d6 3. Bc4 Be7 4. d4 exd4 5. Nxd4 Nf6 6. Nc3 0-0 7. 0-0 Nbd7 8. Nf5 Ne5 9. Nxe7+ Qxe7 10. Be2 Rd8 11. Bg5 c6 12. f4 Ng6 13. Bh5 h6 14. Bxg6 fxg6 15. Bh4 Qc7 16. Qd4 Qb6 17. Qxb6 axb6 18. e5 dxe5 19. fxe5 g5 20. Bxg5 hxg5 21. exf6 g6 22. f7+ Kf8 23. Ne4 g4 24. Ng5 Bf5 25. Rae1 Rd7 26. Re3 Re7 27. Rfe1 Rxe3 28. Rxe3 Bxc2 29. h3 Bf5 30. hxg4 Bxg4 31. Re4 Bf5 32. Rf4 Kg7 33. g4 Bd7 34. Rd4 Rd8 35. Ne6+ Bxe6 36. Rxd8 Kxf7 37. b3 Bxg4 38. Rb8 Kf6 39. Rxb7 b5 40. Kf2 Be6 41. a4 Bxb3 42. a5 Bd5 43. a6 Ke5 44. a7 c5 45. a8Q b4 46. Qe8+ Kd4 47. Rd7 b3 48. Qe3+ Kc4 49. Qc1+ Kd4 50. Qd2+ Kc4 51. Qxd5+ Kc3 52. Qxc5+ Kb2 53. Rd2+ Kb1 54. Qc3 1-0

[Event "FRA-chT3 Gr12 0304"]
[Site "Loire"]
[Date "2004.03.14"]
[Round "6.7"]
[White "Didier, Eric"]
[Black "L'Hermitte, Samuel"]
[Result "1-0"]
[WhiteElo "1410"]
[BlackElo "1400"]
[PlyCount "48"]
[EventDate "2003.10.12"]
[EventType "team"]
[EventRounds "9"]
[EventCountry "FRA"]
[SourceTitle "EXT 2008"]
[Source "ChessBase"]
[SourceDate "2007.11.25"]
[SourceVersion "1"]
[SourceVersionDate "2007.11.25"]
[SourceQuality "1"]

1. c4 Nf6 2. Nc3 e5 3. g3 c6 4. Bg2 d5 5. cxd5 cxd5 6. e3 Nc6 7. Nge2 Bb4 8. a3 Ba5 9. b4 Bc7 10. Bb2 a6 11. e4 Be6 12. d4 Qd7 13. dxe5 Bxe5 14. exd5 Bxc3+ 15. Nxc3 Nxd5 16. Nxd5 Bxd5 17. Bxd5 Qe7+ 18. Qe2 0-0-0 19. Qxe7 Nxe7 20. Bxf7 Rhf8 21. Be6+ Kb8 22. 0-0 g6 23. Rad1 Nc6 24. Rxd8+ Rxd8 1-0

[Event "FRA-chT3 Gr12 0304"]
[Site "Loire"]
[Date "2004.01.18"]
[Round "4.7"]
[White "Didier, Eric"]
[Black "Charbonnier, Christophe"]
[Result "0-1"]
[WhiteElo "1410"]
[BlackElo "1730"]
[PlyCount "63"]
[EventDate "2003.10.12"]
[EventType "team"]
[EventRounds "9"]
[EventCountry "FRA"]
[SourceTitle "EXT 2008"]
[Source "ChessBase"]
[SourceDate "2007.11.25"]
[SourceVersion "1"]
[SourceVersionDate "2007.11.25"]
[SourceQuality "1"]

1. c4 Nf6 2. Nc3 g6 3. g3 Bg7 4. Bg2 e6 5. e4 d6 6. d3 0-0 7. Nf3 Nc6 8. 0-0 Re8 9. a3 e5 10. Re1 Bg4 11. Qd2 Qd7 12. Nd5 Rad8 13. Nxf6+ Bxf6 14. Qh6 Bg7 15. Qh4 Bxf3 16. Bxf3 Nd4 17. Bd1 Rf8 18. Bh6 f5 19. Bxg7 Kxg7 20. f4 exf4 21. Qxf4 Rde8 22. Qe3 c5 23. b4 Re7 24. Ra2 fxe4 25. Qg5 h6 26. Qd5 Re5 27. Rxe4 Rxd5 28. cxd5 Qf5 29. Rf4 Qxd3 30. Rxf8 Kxf8 31. Rf2+ Kg7 32. Be2 0-1

[Event "FRA-chT3 Gr12 0304"]
[Site "Loire"]
[Date "2003.11.16"]
[Round "3.6"]
[White "Georgelin, Thierry"]
[Black "Didier, Eric"]
[Result "1/2-1/2"]
[WhiteElo "2061"]
[BlackElo "1990"]
[PlyCount "147"]
[EventDate "2003.10.12"]
[EventType "team"]
[EventRounds "9"]
[EventCountry "FRA"]
[SourceTitle "EXT 2008"]
[Source "ChessBase"]
[SourceDate "2007.11.25"]
[SourceVersion "1"]
[SourceVersionDate "2007.11.25"]
[SourceQuality "1"]

1. e4 c5 2. d4 cxd4 3. Nf3 e6 4. Nxd4 a6 5. Bd3 Nf6 6. 0-0 Qc7 7. Bg5 Be7 8. Nc3 h5 9. Nf3 Nc6 10. Re1 d6 11. a4 0-0 12. Ne2 d5 13. exd5 Nxd5 14. Ng3 g6 15. Qd2 Bxg5 16. Qxg5 Qf4 17. c3 Qxg5 18. Nxg5 Bd7 19. N3e4 Ne5 20. Bc2 Bc6 21. Rad1 Nd7 22. Bb3 N7f6 23. Nc5 Rad8 24. Ncxe6 fxe6 25. Nxe6 Rde8 26. Nxf8 Rxf8 27. Re6 Kg7 28. f3 Nf4 29. Re7+ Kh6 30. Rde1 N4d5 31. R7e6 Nc7 32. Rd6 Re8 33. Rxe8 Ncxe8 34. Rd8 Kg7 35. Kf2 Kf8 36. Rd2 Ke7 37. Re2+ Kd8 38. Rd2+ Ke7 39. Re2+ Kd8 40. Re6 Bd7 41. Re2 Bc6 42. Rd2+ Ke7 43. Re2+ Kd8 44. Bf7 Kc7 45. Bxg6 h4 46. Bf5 Kd6 47. Re6+ Kc7 48. Re7+ Kd6 49. Re6+ Kd5 50. Re1 Bxa4 51. Be4+ Kc4 52. Bxb7 Bb5 53. Re6 Kb3 54. Bxa6 Bxa6 55. Rxa6 Kxb2 56. Ra4 h3 57. g4 Kxc3 58. Ra8 Nc7 59. g5 Nxa8 60. gxf6 Nc7 61. f7 Ne6 62. Ke3 Kc4 63. f4 Kd5 64. f5 Nf8 65. Kf4 Kd6 66. Kg3 Ke7 67. Kxh3 Kxf7 68. Kg4 Kf6 69. Kf4 Nd7 70. h4 Ne5 71. Ke4 Nf7 72. Kf4 Nh6 73. h5 Nxf5 74. h6 1/2-1/2

[Event "FRA-ch op-C"]
[Site "Aix les Bains"]
[Date "2003.08.19"]
[Round "1"]
[White "Casier, Fabrice"]
[Black "Didier, Eric"]
[Result "1-0"]
[WhiteElo "1700"]
[BlackElo "1460"]
[PlyCount "115"]
[EventDate "2003.08.19"]
[EventType "swiss"]
[EventRounds "9"]
[EventCountry "FRA"]
[SourceTitle "EXT 2004"]
[Source "ChessBase"]
[SourceDate "2003.11.25"]
[SourceVersion "1"]
[SourceVersionDate "2003.11.25"]
[SourceQuality "1"]

1. c4 Nf6 2. Nc3 g6 3. g3 Bg7 4. Bg2 c6 5. e4 d6 6. Nge2 Ng4 7. 0-0 Nd7 8. Rb1 Nde5 9. d3 a6 10. h3 Nf6 11. Be3 c5 12. f4 Nc6 13. d4 0-0 14. dxc5 dxc5 15. Bxc5 Re8 16. Qxd8 Nxd8 17. e5 Nd7 18. Bf2 f6 19. Nd5 Ne6 20. Nd4 Nec5 21. Ne6 Nxe6 22. Nb6 Rb8 23. Bd5 fxe5 24. Nxc8 exf4 25. Bxe6+ Kh8 26. Nb6 fxg3 27. Bxg3 Rbd8 28. Nxd7 Bd4+ 29. Kh1 Kg7 30. Rf7+ Kh6 31. h4 Bf6 32. Bf4+ g5 33. hxg5+ Bxg5 34. Bxg5+ Kxg5 35. Rg1+ Kh6 36. Rgg7 Rh8 37. Rxe7 Rc8 38. Nf6 Rc5 39. Ng4+ Kh5 40. Rxh7+ Rxh7 41. Rxh7+ Kg6 42. Rxb7 a5 43. Rb5 Rc7 44. Rxa5 Re7 45. Re5 Kg7 46. Rg5+ Kh8 47. Rg8+ Kh7 48. Nf6+ Kh6 49. Re8 Ra7 50. c5 Kg7 51. Ne4 Kg6 52. c6 Rc7 53. Rc8 Re7 54. Nc5 Kf6 55. c7 Rh7+ 56. Kg2 Ke5 57. Nd7+ Kxe6 58. Nf8+ 1-0

[Event "Loire Cup 2000 Phase Ligue"]
[Site "Loire"]
[Date "2003.02.23"]
[Round "2"]
[White "Didier, Eric"]
[Black "Chebance, Benoit"]
[Result "1-0"]
[WhiteElo "1930"]
[BlackElo "1890"]
[PlyCount "51"]
[EventDate "2003.02.23"]
[EventType "team"]
[EventRounds "3"]
[EventCountry "FRA"]
[SourceTitle "EXT 2008"]
[Source "ChessBase"]
[SourceDate "2007.11.25"]
[SourceVersion "1"]
[SourceVersionDate "2007.11.25"]
[SourceQuality "1"]

1. e4 e5 2. Nf3 Nf6 3. d4 exd4 4. e5 Ne4 5. Qxd4 d5 6. exd6 Nxd6 7. Nc3 Nc6 8. Qf4 Be6 9. Bd3 Be7 10. 0-0 h6 11. Ne4 Nb4 12. Nf6+ Bxf6 13. Qxb4 0-0 14. Bf4 a5 15. Qd2 Bg4 16. Ne5 Bxe5 17. Bxe5 Nc4 18. Qf4 Nxe5 19. Qxe5 Re8 20. Qb5 b6 21. Qc4 Bc8 22. Rad1 Qe7 23. Qc3 Be6 24. Rfe1 Rad8 25. f4 f5 26. Bxf5 1-0